000 00886cab a2200277 4500
001 WB3028-54
008 090401t1994 xxu||||| |||| 00| 0 eng d
035 _a(Sirsi) u10728
041 _aeng
245 _aWoodlands avoid sell-off
260 _c1994
350 _a0
490 _aDaily Telegraph
_v20 July 1994, 9
490 _aFinancial Times
_v20 July 1994, 8
490 _aScottish Office News Release
_v19 July 1994
490 _aRICS Press Release
_v(PR127/94RURAL) 20 July 1994 (9)
520 _aThe Forestry Commission is not to be privatised but measures to improve public access, tree planting and commercial potential have been announced.
650 _aFORESTRY COMMISSION
650 _aGRANTS
650 _aPRIVATISATION
650 _aPUBLIC ACCESS
650 _aWOODLAND IMPROVEMENT GRANT
690 _aRURAL PRACTICE
942 _n0
948 _c04/03/1997
999 _c6816
_d6816